000
00290nam a22001217a 4500
008
170301b xxu||||| |||| 00| 0 eng d
041
_a
eng
080
_a
616.8 006
100
_a
6
101
_a
SHM
245
_a
BREAST CANCER A PRACTICAL GUIDE TO DIAGNOSIS
_c
YOUNG.W.L
942
_2
udc
_c
BK
999
_c
6480
_d
6480